| 000 | 00454nam a22001697a 4500 | ||
|---|---|---|---|
| 003 | SGT | ||
| 020 | _a9788131707043 | ||
| 082 | _a658, STO | ||
| 100 | _aSTONER F.A. JAMES | ||
| 245 | _aMANAGEMENT | ||
| 250 | _a6TH | ||
| 260 |
_aNEW DELHI _bPEARSON _c1995 |
||
| 300 | _a656 | ||
| 650 | _aMANAGEMENT | ||
| 653 | _aINTRODUCTION TO MANAGEMENT, MANAGEMENT IN THE TWENTY-FIRST CENTURY, PLANNING, ORGANIZING, LEADING, CONTROLLING | ||
| 942 |
_2ddc _cFCM _014 |
||
| 999 |
_c9020 _d9020 |
||